书目信息 |
| 题名: |
普通话训练与测试
|
|
| 作者: | 周芸 , 朱腾 主编 | |
| 分册: | ||
| 出版信息: | 北京 北京大学出版社 2024.08 |
|
| 页数: | 242页 | |
| 开本: | 24cm | |
| 丛书名: | ||
| 单 册: | ||
| 中图分类: | H102 | |
| 科图分类: | ||
| 主题词: | 普通话--教材 | |
| 电子资源: | ||
| ISBN: | 978-7-301-35299-1 | |
| 000 | 01057nam0 2200277 450 | |
| 001 | 013121605 | |
| 005 | 20250925192259.74 | |
| 010 | @a978-7-301-35299-1@dCNY39.00 | |
| 100 | @a20240910d2024 em y0chiy0120 ea | |
| 101 | 0 | @achi |
| 102 | @aCN@b110000 | |
| 105 | @aa z 000yy | |
| 106 | @ar | |
| 200 | 1 | @a普通话训练与测试@9pu tong hua xun lian yu ce shi@dMandarin training and testing@f周芸,朱腾主编@zeng |
| 205 | @a2版 | |
| 210 | @a北京@c北京大学出版社@d2024.08 | |
| 215 | @a242页@c图@d24cm | |
| 305 | @a2023年第1版 | |
| 330 | @a本书强调理论学习和技能训练有机结合,共分为上下两篇:上篇结合语言学及应用语言学、汉语言文字学等相关研究的最新成果,让学习者全面掌握普通话、普通话水平测试的基础理论。下篇围绕读者学习和使用普通话的重难点,以及参加普通话水平测试的常见失误,进行有针对性的系统训练。 | |
| 510 | 1 | @aMandarin training and testing@zeng |
| 606 | 0 | @a普通话@j教材 |
| 690 | @aH102@v5 | |
| 701 | 0 | @a周芸@9zhou yun@4主编 |
| 701 | 0 | @a朱腾@9zhu teng@4主编 |
| 801 | 0 | @aCN@c20250910 |
| 905 | @a河南城建学院图书馆@dH102@eZ815=2@ZZ815=2@f1 | |
| 普通话训练与测试=Mandarin training and testing/周芸,朱腾主编.-2版.-北京:北京大学出版社,2024.08 |
| 242页:图;24cm |
| ISBN 978-7-301-35299-1:CNY39.00 |
| 本书强调理论学习和技能训练有机结合,共分为上下两篇:上篇结合语言学及应用语言学、汉语言文字学等相关研究的最新成果,让学习者全面掌握普通话、普通话水平测试的基础理论。下篇围绕读者学习和使用普通话的重难点,以及参加普通话水平测试的常见失误,进行有针对性的系统训练。 |
| ● |
| 相关链接 |
|
|
|
正题名:普通话训练与测试
索取号:H102/Z815=2
 
预约/预借
| 序号 | 登录号 | 条形码 | 馆藏地/架位号 | 状态 | 备注 |
| 1 | 1635265 | 216352658 | 语言库209/209语言库 70排2列3层/ [索取号:H102/Z815=2] | 在馆 |